[Event "Kingston Futures"]
[Site "Kingston"]
[Date "2009.02.22"]
[Round "3.4"]
[White "James, Stuart"]
[Black "Wilkinson, Ian"]
[Result "0-1"]
[WhiteElo "1970"]
[BlackElo "1936"]
[PlyCount "114"]
[EventDate "2009.02.21"]
[EventType "tourn"]
[EventRounds "9"]
[EventCountry "JAM"]
[SourceTitle "EXT 2024"]
[Source "ChessBase"]
[SourceDate "2023.10.10"]
[SourceVersion "1"]
[SourceVersionDate "2023.10.10"]
[SourceQuality "1"]

1. e4 c5 2. Nf3 d6 3. d4 cxd4 4. Nxd4 Nf6 5. Nc3 a6 6. Bc4 e6 7. Bb3 Nc6 8. 0-0 Be7 9. Kh1 0-0 10. f4 Qc7 11. f5 Nxd4 12. Qxd4 exf5 13. exf5 b5 14. a4 bxa4 15. Rxa4 Bb7 16. Rc4 Qd8 17. Bg5 h6 18. Bh4 Rc8 19. Rxc8 Qxc8 20. Bxf6 Bxf6 21. Qxd6 Rd8 22. Qf4 Bg5 23. Qc4 Qxc4 24. Bxc4 Rd2 25. Ne2 Rxc2 26. b3 a5 27. Ra1 Bd2 28. Bd3 Rb2 29. Rb1 Rxb1+ 30. Bxb1 Kf8 31. Kg1 Be3+ 32. Kf1 Ke7 33. Nc3 Ba6+ 34. Ke1 Bg1 35. h3 Bb7 36. Be4 Bc8 37. Ke2 Kd6 38. g4 Ke5 39. Kf3 Ba6 40. Ba8 Bd3 41. Bd5 Bd4 42. Be4 Bf1 43. Nd1 Bxh3 44. Bd3 h5 45. gxh5 Bxf5 46. Bc4 Be4+ 47. Kg3 Bd5 48. Bxd5 Kxd5 49. Kf4 Kc5 50. Ke4 f6 51. Kf5 Kb4 52. Ke4 Be5 53. Ne3 Kxb3 54. Nf5 a4 55. Nxg7 a3 56. h6 a2 57. h7 f5+ 0-1